000 00602nam a2200229Ia 4500
003 OSt
005 20221005123604.0
006 a|||||r|||| 00| 0
007 ta
008 221004b |||||||| |||| 00| 0 eng d
024 _a57981
037 _cTextual
040 _aCRL
_cCRL
_beng
041 _2eng
_aeng
082 _aV2:21wL25, G91
100 _aHarness Wolf H
_9633872
245 0 _aLord Clive
_b The conqueror of India tr by Dorothy Harrison.
260 _c1939
650 _aHISTORY
942 _hV2:21wL25, G91
_cTEXL
_2cc
999 _c1047860
_d1047860